Yellow Submarine Tracklist (The Beatles) - Statistics

General Stats
  • This quiz has been taken 15 times
  • The average score is 8 of 13
Answer Stats
Hint Answer % Correct
3 All Together Now
100%
5 It's All Too Much
100%
1 Yellow Submarine
100%
6 All You Need Is Love
91%
4 Hey Bulldog
91%
2 Only A Northern Song
91%
13 Yellow Submarine In Pepperland
45%
11 March Of The Meanies
36%
7 Pepperland
36%
9 Sea Of Holes
36%
10 Sea Of Monsters
36%
8 Sea Of Time
36%
12 Pepperland Laid Waste
18%
No matching quizzes found
Score Distribution
Percent of People with Each Score
Percentile by Number Answered
Your Score History
You have not taken this quiz